A CENTURY OF TRIBAL POLITICS IN NORTH EAST INDIA (Record no. 26281)

MARC details
000 -LEADER
fixed length control field 00324nam a22001337a 4500
003 - CONTROL NUMBER IDENTIFIER
control field SGT
082 ## - DEWEY DECIMAL CLASSIFICATION NUMBER
Classification number 954.03
Item number A76R
100 ## - MAIN ENTRY--PERSONAL NAME
Personal name RAO, V. VENKATA
245 ## - TITLE STATEMENT
Title A CENTURY OF TRIBAL POLITICS IN NORTH EAST INDIA
260 ## - PUBLICATION, DISTRIBUTION, ETC. (IMPRINT)
Place of publication, distribution, etc INDIA
Name of publisher, distributor, etc S. CHAND & COMPANY
Year of Publication 1976
300 ## - PAGE DESCRIPTION
No. of Pages 556
650 ## - SUBJECT ADDED ENTRY--TOPICAL TERM
Topical term or geographic name as entry element INDIAN HISTORY
942 ## - ADDED ENTRY ELEMENTS (KOHA)
Source of classification or shelving scheme Dewey Decimal Classification
Koha item type Books
Holdings
Withdrawn status Lost status Source of classification or shelving scheme Damaged status Not for loan Home library Current library Shelving location Date acquired Vendor Name Cost, normal purchase price SGTU Total Checkouts Full call number Accession No. (Barcode) Date last seen Bill Date Koha item type
    Dewey Decimal Classification   Not For Loan SGT Chancellor's Library SGT Chancellor's Library Reference Book 26/04/2024 SGT CHANCELLOR'S COLLECTION 60.00 SGTU   954.03 A76R CH505 26/04/2024 26/04/2024 Books